Genetic improvement of rubber in India (Record no. 59833)

MARC details
000 -LEADER
fixed length control field 00389nam a2200133Ia 4500
100 ## - MAIN ENTRY--AUTHOR NAME
Personal name Saraswathyamma C K
245 #0 - TITLE STATEMENT
Title Genetic improvement of rubber in India
260 ## - PUBLICATION, DISTRIBUTION, ETC. (IMPRINT)
Name of publisher Refresher course in Botany, Mahatma Gandhi University, Kottayam. pp 20-21.
650 ## - SUBJECT ADDED ENTRY--TOPICAL TERM
Topical Term Genetics
650 ## - SUBJECT ADDED ENTRY--TOPICAL TERM
Topical Term Mutation
650 ## - SUBJECT ADDED ENTRY--TOPICAL TERM
Topical Term Plant Breeding
942 ## - ADDED ENTRY ELEMENTS (KOHA)
Koha item type Journals
Holdings
Withdrawn status Lost status Damaged status Not for loan Home library Current library Date acquired Koha item type
      Journals RRII Library RRII Library 17/12/2021 Journals